00345nam a2200133Ia 4500008004100000041000800041082001600049100002400065245004500089250001400134260003100148300002700179365000500206240624s9999 xx 000 0 und d aeng a621.392 NAV aNAVABI ZAINALABEDIN aVHDL ANALYSIS AND MODELING OF DIGITAL SY a(2nd ed.) c1998aNew YorkbMcGrawhill axxii, : 632 : cm. ; 23 c